000 00536nam a22001937a 4500
003 KOHA_MİRAKIL
005 20251117170201.0
008 251117b tu ||||| |||| 00| 0 tur d
020 _a9786051852980
040 _aTR-AnABB
_btur
_cTR-AnABB
041 _atur
082 _a813.42
_bLEV 2018
100 1 _aLevi, Mario,
245 1 0 _aMadam Floridis Dönmeyebilir /
_cMario Levi
260 _aİstanbul :
_bEverest Yayınları,
_c2018
300 _a175 sayfa ;
_c21 cm
650 0 4 _aTürk edebiyatı, roman
942 _2ddc
_cBK
999 _c9496
_d9496
900 _bGizem YORULMAZ